| 000 | 00690nam a22002417a 4500 | ||
|---|---|---|---|
| 003 | OSt | ||
| 005 | 20220107122719.0 | ||
| 008 | 130812b xxu||||| |||| 00| 0 eng d | ||
| 020 | _a9780763784225 | ||
| 020 | _a9789380853673 | ||
| 040 | _cIIITM-K | ||
| 082 | _a621.3822 WEE/D | ||
| 100 |
_aWeeks, Michael _91434 |
||
| 245 |
_aDigital signal processing: _bUsing Matlab and wavelets _cby Michael Weeks |
||
| 250 | _a2nd edition. | ||
| 260 |
_aNew Delhi, _bJones and Bartlett, _c2013. |
||
| 300 |
_axix, 492p. _eCD ROM |
||
| 650 |
_aCOMPUTER SCIENCE _91435 |
||
| 650 |
_aSIGNAL PROCESSING _91436 |
||
| 650 |
_aDIGITAL SIGNAL PROCESSING _91437 |
||
| 650 |
_aMATLAB _91438 |
||
| 942 |
_2ddc _cBK |
||
| 999 |
_c3162 _d3162 |
||